000
00309nam a22001337a 4500
003
SGT
082
_a
616.075
_b
R17B
100
_a
BHARGAVA, SATISH K.
245
_a
TB. OF RADIOLOGY FOR RESIDENTS & TECHNICIANS
260
_a
INDIA
_b
CBS
_c
2017
300
_a
674
650
_a
RADIOLOGY
942
_2
ddc
_c
BK
_0
32
999
_c
13703
_d
13703